|
|
|
|
| LEADER |
01087nam a2200265 a 4500 |
| 001 |
4972409 |
| 008 |
090817s1996 at a b 001 0 eng d |
| 010 |
|
|
|a 97180742
|
| 020 |
|
|
|a 8173711526
|
| 020 |
|
|
|a 0732929296
|
| 020 |
|
|
|a 073292930X (pbk.)
|
| 040 |
|
|
|a DLC
|c DLC
|
| 082 |
0 |
0 |
|a 808/.042
|2 21
|
| 100 |
1 |
|
|a Davis, Lloyd,
|d 1959-2005.
|
| 245 |
1 |
0 |
|a Structures and strategies :
|b an introduction to academic writing /
|c Lloyd Davis and Susan McKay.
|
| 260 |
|
|
|a South Melbourne :
|b Macmillan Education Australia, ;
|a Hyderabad :
|b Universities Press,
|c 1996.
|
| 300 |
|
|
|a ix, 237 p. :
|b ill. ;
|c 23 cm.
|
| 504 |
|
|
|a Includes bibliographical references and index.
|
| 541 |
1 |
|
|e 00012448
|
| 650 |
|
0 |
|a English language
|x Rhetoric.
|
| 650 |
|
0 |
|a Academic writing.
|
| 700 |
1 |
|
|a McKay, Susan
|q (Susan Beth)
|
| 852 |
4 |
|
|a Ayesha Abed Library
|j General shelf
|
| 999 |
|
|
|c 3187
|d 3187
|
| 952 |
|
|
|0 0
|1 0
|2 ddc
|4 0
|6 808_042000000000000_DAV
|7 0
|9 2889
|a BRACUL
|b BRACUL
|c GEN
|d 2009-08-30
|g 0.00
|l 3
|m 5
|o 808.042 DAV
|p 3010012448
|r 2025-08-17
|s 2025-07-17
|t 1
|w 2009-08-30
|y BK
|x No price found in the accession register.
|